LEADER 04676nam 2200601Ia 450 001 9910452794003321 005 20200520144314.0 010 $a1-283-58119-1 010 $a9786613893642 010 $a0-19-156439-7 035 $a(CKB)2550000000105550 035 $a(EBL)3054778 035 $a(OCoLC)402678007 035 $a(SSID)ssj0000693918 035 $a(PQKBManifestationID)12289506 035 $a(PQKBTitleCode)TC0000693918 035 $a(PQKBWorkID)10666627 035 $a(PQKB)10083985 035 $a(MiAaPQ)EBC3054778 035 $a(Au-PeEL)EBL3054778 035 $a(CaPaEBR)ebr10581717 035 $a(CaONFJC)MIL389364 035 $a(EXLCZ)992550000000105550 100 $a20070817d2007 uy 0 101 0 $aeng 135 $aur|n|---||||| 181 $ctxt 182 $cc 183 $acr 200 10$aTrade in goods$b[electronic resource] $ethe GATT and the other agreements regulating trade in goods /$fPetros C. Mavroidis 210 $aOxford ;$aNew York $cOxford University Press$dc2007 215 $a1 online resource (541 p.) 300 $aDescription based upon print version of record. 311 $a0-19-923903-7 320 $aIncludes bibliographical references (p. 478-497) and index. 327 $a""Contents""; ""1. From GATT 1947 to GATT 1994""; ""1 The Genesis of the GATT""; ""2 Why the GATT?""; ""2.1 Why ask the question?""; ""2.2 The negotiators say...""; ""2.3 Economic theory suggests""; ""2.4 And some unexplored avenues""; ""2.5 To conclude (?)""; ""3 The GATT in the GATT era: An Agreement, and an Institution as Well""; ""4 The GATT Rounds of Trade Liberalization""; ""5 Expanding the GATT: The Emergence of the Codes""; ""6 The GATT in the WTO era: Just an Agreement, Albeit a Pivotal One""; ""7 The Modern GATT discipline in a Nutshell""; ""7.1 The GATT in its WTO context"" 327 $a""7.2 The legal relation of the GATT with the WTO Agreement""""7.3 The substantive content of modern GATT""; ""2. Disciplines on Trade Instruments""; ""1 Introduction""; ""2 The Treatment of QRs""; ""2.1 The legal text""; ""2.2 What is a QR?""; ""2.3 Trade in textiles""; ""2.4 Discriminatory legal QRs""; ""2.5 The non-segmentation nature of Art XI of the GATT""; ""3 Tariff Protection in the GATT""; ""3.1 The legal text""; ""3.2 The basic discipline with respect to tariff protection""; ""3.3 Why yes to duties and no to QRs?""; ""3.4 The mechanics of binding the duties"" 327 $a""3.5 Interpreting tariff commitments""""3.6 Changes in tariff protection after their consolidation""; ""3.7 Fees and charges for services rendered""; ""3.8 Customs Valuation (CV)""; ""3.9 The Agreement on Pre-shipment Inspection (PSIA)""; ""3.10 The MFN""; ""3.11 Special and differential treatment for developing countries""; ""3.12 Preferential Trade Agreements (PTAs)""; ""4 Export Subsidies""; ""4.1 Rigidity required?""; ""4.2 From discouraging to outlawing export subsidies""; ""4.3 Counteracting prohibited subsidies""; ""3. Domestic Instruments""; ""1 National Treatment and its Rationale"" 327 $a""2 The Coverage""""2.1 Wide coverage""; ""2.2 Subsidies""; ""2.3 Government procurement""; ""2.4 The coverage of Art III of the GATTa???revisited""; ""3 National Treatment, and Negative Integration""; ""4 National Treatment: The Legal Discipline""; ""4.1 Fiscal measures""; ""4.2 Non-fiscal measures""; ""4.3 A critique of the case-law concerning NT""; ""4.4 General exceptions""; ""4.5 A specific exception: films""; ""5 Dealing with NTBs""; ""5.1 The TBT and SPS Agreements""; ""5.2 The legal relationship between GATT, TBT, and SPS""; ""5.3 TBT""; ""5.4 The WTO SPS Agreement"" 327 $a""6 State Trading Enterprises (STEs)""""6.1 STEs: definitional issues""; ""6.2 The legal obligation in a nutshell""; ""4. State Contingencies""; ""1 Introduction""; ""2 National Security (Art XXI of the GATT)""; ""2.1 The legal discipline""; ""2.2 Practice in the GATT years""; ""2.3 Practice in the WTO era""; ""3 BoP""; ""4 Exchange Restrictions""; ""5 Antidumping (Art VI of the GATT)""; ""5.1 An unfair (?) price discrimination""; ""5.2 Finding dumping""; ""5.3 Establishing injury""; ""5.4 Sunset reviews""; ""5.5 Price differentiation in antitrust statutes"" 327 $a""5.6 What does the a???antia??? in AD refer to?"" 606 $aForeign trade regulation 608 $aElectronic books. 615 0$aForeign trade regulation. 676 $a343/.087 700 $aMavroidis$b Petros C$0257272 801 0$bMiAaPQ 801 1$bMiAaPQ 801 2$bMiAaPQ 906 $aBOOK 912 $a9910452794003321 996 $aTrade in goods$92173334 997 $aUNINA LEADER 03336oam 2200661I 450 001 9910457479803321 005 20200520144314.0 010 $a1-136-58127-8 010 $a0-203-15563-7 024 7 $a10.4324/9780203155639 035 $a(CKB)2550000000096273 035 $a(EBL)957448 035 $a(OCoLC)798533149 035 $a(SSID)ssj0000692446 035 $a(PQKBManifestationID)11390635 035 $a(PQKBTitleCode)TC0000692446 035 $a(PQKBWorkID)10638070 035 $a(PQKB)10984354 035 $a(MiAaPQ)EBC957448 035 $a(Au-PeEL)EBL957448 035 $a(CaPaEBR)ebr10542111 035 $a(CaONFJC)MIL761004 035 $a(OCoLC)784034414 035 $a(EXLCZ)992550000000096273 100 $a20180706d2012 uy 0 101 0 $aeng 135 $aur|n|---||||| 181 $ctxt$2rdacontent 182 $cc$2rdamedia 183 $acr$2rdacarrier 200 10$aPractice-based research in social work $ea guide for reluctant researchers /$fSarah-Jane Dodd and Irwin Epstein 210 1$aOxon ;$aNew York :$cRoutledge,$d2012. 215 $a1 online resource (219 pages) $cillustrations 300 $aDescription based upon print version of record. 311 $a0-415-56524-3 311 $a0-415-56523-5 320 $aIncludes bibliographical references (p. [201]-207) and index. 327 $a1. Evolution and definition of PBR -- 2. Establishing the practice-research problem -- 3. PBR study purposes -- 4. PBR research designs -- 5. The PBR literature review -- 6. Understanding basic differences in data-collection methods -- 7. Qualitative data gathering -- 8. Quantitative data gathering -- 9. PBR sampling -- 10. Research ethics and protection of human subjects in PBR -- 11. Analyzing qualitative data in PBR -- 12. Analyzing quantitative data in PBR -- 13. Interpreting and disseminating results from PBR. 330 $aThis unique textbook explores practice-based research (PBR), using numerous practice examples to actively encourage and engage students and practitioners to embrace research as a meaningful support for their practice. Whilst evidence-based practice gives practitioners access to information about "universal" best practices, it does not prioritize practitioner-generated knowledge or promote new research-based interventions relevant to their own practice circumstances as PBR does. This book discusses the evolution of PBR as a distinct social work research approach, describes its principles and methods and presents a range of exemplars illustrating the application of PBR within different practice methods in different practice settings. 606 $aSocial service$xResearch 606 $aSocial work education 606 $aSocial service$xFieldwork 606 $aSocial workers$xProfessional practice 608 $aElectronic books. 615 0$aSocial service$xResearch. 615 0$aSocial work education. 615 0$aSocial service$xFieldwork. 615 0$aSocial workers$xProfessional practice. 676 $a361.3/2072 700 $aDodd$b Sarah-Jane.$0937401 701 $aEpstein$b Irwin$0935318 801 0$bMiAaPQ 801 1$bMiAaPQ 801 2$bMiAaPQ 906 $aBOOK 912 $a9910457479803321 996 $aPractice-based research in social work$92111447 997 $aUNINA